Artwork for Humanities Quiz #3 - Statistics

General Stats
  • This quiz has been taken 44 times
  • The average score is 6 of 9
Answer Stats
Picture Hint Answer % Correct
Artist (last name) Goya
93%
Artist (last name) Rothko
93%
Artist (last name) Duchamp
80%
Approx. date (example: 1980s) 1820s
53%
Precise date (example: 1421) 1912
53%
Name Number 61/Rust and Blue
53%
Precise date (example: 1421) 1953
47%
Name Saturn Devouring His Son
47%
Name Nude Descending a Staircase No. 2
40%
No matching quizzes found
Score Distribution
Percent of People with Each Score
Percentile by Number Answered
Your Score History
You have not taken this quiz